000 00860nam a2200205Ia 4500
008 090124s9999 xx 000 0 und d
020 _a81-7229-075-6
082 _b42521
100 _aगांधी महात्मा
245 _a सत्याचे प्रयोग अथवा आत्मकथा
250 _a3
260 _bनवजीवन प्रकाशन मन्दिर अहमदाबाद
_c1994
300 _a488
600 _aगांधी महात्मा
630 _a सत्याचे प्रयोग अथवा आत्मकथा
700 _aगांधी महात्मा
700 _aपटवर्धन सीताराम पुरुषोत्तम
730 _a सत्याचे प्रयोग अथवा आत्मकथा
942 _cBOOK
999 _c108716
_d108716